Population growth and child labour : (Record no. 126567)

MARC details
000 -LEADER
fixed length control field 00779nam a22002297a 4500
005 - DATE AND TIME OF LATEST TRANSACTION
control field 20170124110011.0
010 ## - LIBRARY OF CONGRESS CONTROL NUMBER
LC control number B-058692
020 ## - INTERNATIONAL STANDARD BOOK NUMBER
Terms of availability 00.00
International Standard Book Number 817391432
035 ## - SYSTEM CONTROL NUMBER
System control number B-058692
037 ## - SOURCE OF ACQUISITION
Source of stock number/acquisition Cen Lib/Ret
040 ## - CATALOGING SOURCE
Original cataloging agency DPL
Language of cataloging EN
082 ## - DEWEY DECIMAL CLASSIFICATION NUMBER
Classification number 331.31
Item number NAR
100 ## - MAIN ENTRY--PERSONAL NAME
Personal name Narendra Prasad
9 (RLIN) 17851
245 ## - TITLE STATEMENT
Title Population growth and child labour :
Statement of responsibility, etc by Narendra Prasad
Remainder of title the Indian dilemma /
260 ## - PUBLICATION, DISTRIBUTION, ETC. (IMPRINT)
Name of publisher, distributor, etc Kanishka Publishers
Place of publication, distribution, etc New Delhi
Date of publication, distribution, etc 2001
270 ## - ADDRESS
City New Delhi
Address 4697/5-21A, ansari road, dariya ganj
Postal code 110002
300 ## - PHYSICAL DESCRIPTION
Extent v, 201p.
Dimensions 21cm(Hb)
500 ## - GENERAL NOTE
General note Includes bibliographical references and index
650 ## - SUBJECT ADDED ENTRY--TOPICAL TERM
Topical term or geographic name as entry element Child labor--Law and legislation
9 (RLIN) 7773
650 ## - SUBJECT ADDED ENTRY--TOPICAL TERM
Topical term or geographic name as entry element Child labor--Government policy
9 (RLIN) 72464
942 ## - ADDED ENTRY ELEMENTS (KOHA)
Source of classification or shelving scheme Dewey Decimal Classification
Koha item type English Books
Classification part 331.31
Call number suffix NAR
Holdings
Withdrawn status Lost status Damaged status Not for loan Home library Current library Date acquired Source of acquisition Cost, normal purchase price Total Checkouts Full call number Barcode Date last seen Date checked out Copy number Cost, replacement price Price effective from Koha item type
        Central Library Central Library 25/06/2015 Cen Lib/Ret 0.00 1 331.31 NAR B-058692 17/08/2024 06/08/2024 1 0.00 25/06/2015 English Books

© Delhi Public Library
Hit Counter
free hit counter